Kingdom of the Netherlands-Netherlands : Detailed Assessment Report on Anti-Money Laundering and Combating the Financing of Terrorism.

The Netherlands has a long-standing legal framework concerning Anti-Money Laundering and Combating the Financing of Terrorism preventive measures, which dates back to 1993. The legal framework for Customer Due Diligence is generally adequate; however, a number of provisions are problematic. The Dutc...

Ausführliche Beschreibung

Bibliographische Detailangaben
Körperschaft: International Monetary Fund
Format: Zeitschrift
Sprache:English
Veröffentlicht: Washington, D.C. : International Monetary Fund, 2011.
Schriftenreihe:IMF Staff Country Reports; Country Report ; No. 2011/092
Online Zugang:Full text available on IMF
LEADER 01820cas a2200241 a 4500
001 AALejournalIMF007140
008 230101c9999 xx r poo 0 0eng d
020 |c 5.00 USD 
020 |z 9781455230082 
022 |a 1934-7685 
040 |a BD-DhAAL  |c BD-DhAAL 
110 2 |a International Monetary Fund. 
245 1 0 |a Kingdom of the Netherlands-Netherlands :   |b Detailed Assessment Report on Anti-Money Laundering and Combating the Financing of Terrorism. 
264 1 |a Washington, D.C. :  |b International Monetary Fund,  |c 2011. 
300 |a 1 online resource (334 pages) 
490 1 |a IMF Staff Country Reports 
500 |a <strong>Off-Campus Access:</strong> No User ID or Password Required 
500 |a <strong>On-Campus Access:</strong> No User ID or Password Required 
506 |a Electronic access restricted to authorized BRAC University faculty, staff and students 
520 3 |a The Netherlands has a long-standing legal framework concerning Anti-Money Laundering and Combating the Financing of Terrorism preventive measures, which dates back to 1993. The legal framework for Customer Due Diligence is generally adequate; however, a number of provisions are problematic. The Dutch system of preventive measures emphasizes the risk-based approach, complemented by a principles-based approach. The principles-based approach should be better supported with guidance for financial institutions. Although most elements of the Suspicious Transaction Report reporting requirements are in place, the reporting regime has one minor legal shortcoming and raises effectiveness concerns. 
538 |a Mode of access: Internet 
830 0 |a IMF Staff Country Reports; Country Report ;  |v No. 2011/092 
856 4 0 |z Full text available on IMF  |u http://elibrary.imf.org/view/journals/002/2011/092/002.2011.issue-092-en.xml  |z IMF e-Library